Los distritos municipales : (Record no. 35141)
[ view plain ]
| 000 -CABECERA | |
|---|---|
| campo de control de longitud fija | 00731nam a2200217 a 4500 |
| 001 - NÚMERO DE CONTROL | |
| campo de control | 000035650 |
| 005 - FECHA Y HORA DE LA ÚLTIMA TRANSACCIÓN | |
| campo de control | 20200930074513.0 |
| 008 - DATOS DE LONGITUD FIJA--INFORMACIÓN GENERAL | |
| campo de control de longitud fija | 100118s2009 dr 000 0 spa d |
| 020 ## - NÚMERO INTERNACIONAL ESTÁNDAR DEL LIBRO | |
| Número Internacional Estándar del Libro | 9789993444732 |
| 040 ## - FUENTE DE LA CATALOGACIÓN | |
| Centro catalogador/agencia de origen | DO-SdBNP |
| Lengua de catalogación | spa |
| Centro/agencia transcriptor | BNPHU |
| 082 ## - NÚMERO DE LA CLASIFICACIÓN DECIMAL DEWEY | |
| Número de clasificación | xxx |
| Número de documento/Ítem | G934 |
| 049 ## - FONDOS LOCALES (OCLC) | |
| Fondos de biblioteca | BNPD |
| 100 1# - ENTRADA PRINCIPAL--NOMBRE DE PERSONA | |
| Nombre de persona | Guerrero Roa, Julio, |
| Fechas asociadas al nombre | 1966- |
| 9 (RLIN) | 33206 |
| 245 14 - MENCIÓN DE TÍTULO | |
| Título | Los distritos municipales : |
| Resto del título | legislación - teoría & práctica / |
| Mención de responsabilidad, etc. | Julio Guerrero Roa. |
| 250 ## - MENCIÓN DE EDICIÓN | |
| Mención de edición | 2a ed. ampl. y act. |
| 260 ## - PUBLICACIÓN, DISTRIBUCIÓN, ETC. | |
| Lugar de publicación, distribución, etc. | Bonao : |
| Nombre del editor, distribuidor, etc. | Editora Dalis, |
| Fecha de publicación, distribución, etc. | 2009. |
| 300 ## - DESCRIPCIÓN FÍSICA | |
| Extensión | 443 p. : ; |
| Dimensiones | 25 cm. |
| 500 ## - NOTA GENERAL | |
| Nota general | Incluye datos biográficos del autor en la solapa de la cubierta |
| 504 ## - NOTA DE BIBLIOGRAFÍA, ETC. | |
| Nota de bibliografía, etc. | Bibliografía : p. 429-443 |
| 590 ## - NOTA LOCAL (RLIN) | |
| Nota local | La biblioteca posee 3 ejemplares autografiado |
| Estado de retiro | Estado de pérdida | Restricciones de uso | No para préstamo | Código de colección | Localización permanente | Ubicación/localización actual | Ubicación en estantería | Fecha de adquisición | Número de inventario | Total de préstamos | Signatura topográfica completa | Código de barras | Fecha visto por última vez | Número de copia | Precio válido a partir de | Tipo de ítem Koha |
|---|---|---|---|---|---|---|---|---|---|---|---|---|---|---|---|---|
| Dominicana de Servicio | General | General | En catalogación | 07.11.2011 | LF1 | xxx G934 | 35650-20 | 25.06.2020 | e. 3 | 25.06.2020 | Libro y Folleto Colección Dominicana de Servicio | |||||
| Préstamo restrigido | Patrimonio Dominicano | Patrimonio Dominicano | Patrimonio Dominicano | En catalogación | 07.11.2011 | LF1 | xxx G934 | 35650-10 | 25.06.2020 | e. 2 | 25.06.2020 | Libro y Folleto Colección Patrimonio Dominicano | ||||
| Excluido de préstamo | Patrimonio Dominicano | Patrimonio Dominicano | Patrimonio Dominicano | En catalogación | 07.11.2011 | LF1 | xxx G934 | 35650-30 | 25.06.2020 | 25.06.2020 | Libro y Folleto Colección Patrimonio Dominicano |
